| 000 | 00741nam a2200217 i 4500 | ||
|---|---|---|---|
| 001 | 36890 | ||
| 003 | ES-MaACL | ||
| 007 | t| | ||
| 008 | 030219s1980 sp ||||1| spa d | ||
| 100 | 1 |
_aBrown, R. H. _932020 |
|
| 245 | 1 | 0 |
_aDiccionario de términos marítimos en seguros / _cR. H. Brown ; [traducido y anotado por Raúl González Hevia, Carlos Martínez García y Victor Sorli Rojo]. |
| 260 |
_aMadrid : _bMAPFRE, _c[1980] |
||
| 300 |
_a543 p. ; _c22 cm. |
||
| 490 | 1 | _aTemas de seguros | |
| 700 | 1 |
_aGonzález Hevia, Raúl. _958713 |
|
| 700 | 1 |
_aMartínez García, Carlos. _978099 |
|
| 700 | 1 |
_aSorli Rojo, Victor. _9107407 |
|
| 830 | 0 |
_aTemas de seguros _9181671 |
|
| 852 |
_aES-MaACL _jL-584 _bR.101228 |
||
| 999 |
_c36890 _d36890 |
||